Hollywood Babilonia
Պահպանված է:
| Հիմնական հեղինակ: | |
|---|---|
| Ձևաչափ: | Գիրք |
| Լեզու: | իսպաներեն |
| Հրապարակվել է: |
Barcelona
Tusquets
1985
|
| Հրատարակություն: | 3a. ed |
| Շարք: | Colección Andanzas, 14
|
| Խորագրեր: | |
| Ցուցիչներ: |
Ավելացրեք ցուցիչ
Չկան պիտակներ, Եղեք առաջինը, ով նշում է այս գրառումը!
|
MARC
| LEADER | 00000nam a2200000 a 4500 | ||
|---|---|---|---|
| 001 | UCO5003 | ||
| 003 | CL-VaPUC | ||
| 008 | 000825e19850000SP |||||||||||||||||spa|d | ||
| 082 | 0 | 4 | |a 791.4309 |b ANG |2 21 |
| 100 | 0 | |a Anger, Kenneth |e author |9 449727 | |
| 245 | 1 | 0 | |a Hollywood Babilonia |
| 250 | |a 3a. ed | ||
| 300 | |a 395 p | ||
| 942 | |c BK | ||
| 945 | |d 20000825 00:00:00 |a crobeson | ||
| 260 | |a Barcelona |b Tusquets |c 1985 | ||
| 650 | 7 | |a CINE ESTADOUNIDENSE |2 CL-VaPUC |9 449636 | |
| 650 | 0 | |a Industria cinematográfica |9 266081 | |
| 650 | 0 | |a Actores de cine |9 356708 | |
| 650 | 0 | |a Historia y crítica |9 257407 | |
| 651 | 7 | |a WOLLYWOOD |2 CL-VaPUC |9 449728 | |
| 651 | 0 | |a Estados Unidos |9 255178 | |
| 583 | |a last modification |c 20000825 00:00:00 |k Rodrigo Vera | ||
| 490 | 0 | |a Colección Andanzas, 14 | |
| 999 | |c 290960 |d 290958 | ||
| 952 | |0 0 |1 0 |4 0 |6 791_430900000000000_ANG_1985 |7 0 |8 R |9 340592 |a BIBART |b BIBART |d 2019-11-20 |i 1217887 |o 791.4309 ANG 1985 |p 1217887 |r 2025-03-13 |w 2019-11-20 |y BK_R |k ART | ||